000
00281nam a22001217a 4500
003
SGT
082
_a
300.72,ADA
100
_a
ADAMS,JOHAN
245
_a
RESEARCH METHODS FOR BUSINESS AND AOCIAL SCIENCE STUDENT
260
_b
SAGE PUB.
_c
2014
300
_a
280
942
_2
ddc
_c
GF BOOKS
999
_c
34414
_d
34414